|
|
|
|
| LEADER |
00000nam0a2200000 4500 |
| 001 |
367730 |
| 005 |
20231102012019.0 |
| 035 |
|
|
|a (RuTPU)RU\TPU\retro\25093
|
| 090 |
|
|
|a 367730
|
| 100 |
|
|
|a 20220321d1979 km y0rusy50 ca
|
| 101 |
0 |
|
|a rus
|
| 102 |
|
|
|a UA
|
| 105 |
|
|
|a a z 001zy
|
| 200 |
1 |
|
|a Структурно-временная избыточность в управляющих схемах
|f А. М. Романкевич, В. Н. Валуйский, В. А. Остафин
|g под ред. А. М. Романкевича
|
| 210 |
|
|
|a Киев
|c Вища школа
|d 1979
|
| 215 |
|
|
|a 160 с.
|c ил.
|
| 320 |
|
|
|a Библиогр.: с. 157-158
|
| 606 |
1 |
|
|a Цифровые вычислительные машины
|x Управление
|2 stltpush
|3 (RuTPU)RU\TPU\subj\18483
|9 43904
|
| 606 |
1 |
|
|a Автоматические системы управления
|x Избыточность
|2 stltpush
|3 (RuTPU)RU\TPU\subj\821
|9 29627
|
| 610 |
1 |
|
|a управляющие схемы
|
| 610 |
1 |
|
|a контроль
|
| 610 |
1 |
|
|a управляющие автоматы
|
| 610 |
1 |
|
|a управляющие схемы
|
| 610 |
1 |
|
|a приложения
|
| 675 |
|
|
|a 681.326.3
|v 4
|
| 675 |
|
|
|a 681.51.03
|v 4
|
| 700 |
|
1 |
|a Романкевич
|b А. М.
|g Алексей Михайлович
|
| 701 |
|
1 |
|a Валуйский
|b В. Н.
|g Вячеслав Николаевич
|
| 701 |
|
1 |
|a Остафин
|b В. А.
|g Виктор Антонович
|
| 702 |
|
1 |
|a Романкевич
|b А. М.
|4 340
|
| 801 |
|
1 |
|a RU
|b 63413507
|c 20220321
|
| 942 |
|
|
|c BK
|